000 00396 a2200121 4500
001 ART_7101
005 20260410161719.0
008 260409a
245 1 0 _aMétodo del impuesto diferido frente al impuesto a las ganancias
100 1 _aFarinola, Serafina
700 1 _aLarocca, Norberto Genaro
773 0 _tContabilidad y auditoría
_g- Año 6, Nº 11 (jun. 2000)
_wREV1723
999 _c16829
_d16829